Las 10 mejores jugadoras de fútbol femenino del mundo 2024 - Sudden D - Estadísticas

Estadísticas generales
  • Esta prueba ha sido intentada 186 veces
  • La puntuación promedio es 2 de 10
Answers on the Grid
Answers color-coded by a green-red scale on the quiz's grid according to % correct below.
Lauren James
Chelsea
Aitana Bonmatí
Barcelona
Trinity Rodman
Washington Spirit
Keira Walsh
Barcelona
Mallory Swanson
Chicago Red Stars
Temwa Chawinga
Kansas City Current
Lauren Hemp
Manchester City
Barbra Banda
Orlando Pride
Lindsey Horan
Lyon
Caroline Graham Hansen
Barcelona
Marie-Antoinette Katoto
PSG
Khadija Shaw
Manchester City
Salma Paralluelo
Barcelona
Naomi Girma
San Diego Wave
Sophia Smith
Portland Thorns
 
Estadísticas de respuestas
Respuesta % Correcto
Aitana Bonmatí
Barcelona
97%
Caroline Graham Hansen
Barcelona
56%
Salma Paralluelo
Barcelona
52%
Trinity Rodman
Washington Spirit
11%
Lindsey Horan
Lyon
8%
Barbra Banda
Orlando Pride
7%
Khadija Shaw
Manchester City
5%
Sophia Smith
Portland Thorns
3%
Naomi Girma
San Diego Wave
2%
Mallory Swanson
Chicago Red Stars
0%
No se encontraron pruebas coincidentes
Distribución de puntuación
Porcentaje de gente con cada puntuación
Porcentaje por número respondido
Historial de tus puntuaciones
No has intentado esta prueba.